Statistics for CS:GO Skins - Gloves

Click here to take the quiz!

General Stats

  • This quiz has been taken 6 times
  • The average score is 26 of 80

Answer Stats

HintAnswer% Correct
GloveHand Wraps
80%
GloveHydra Gloves
80%
GloveMoto Gloves
80%
GloveSpecialist Gloves
80%
FinishSpecialist Gloves | Crimson Web
80%
GloveBroken Fang Gloves
60%
GloveDriver Gloves
60%
FinishDriver Gloves | Snow Leopard
60%
FinishHydra Gloves | Case Hardened
60%
FinishMoto Gloves | Spearmint
60%
FinishMoto Gloves | Turtle
60%
FinishSpecialist Gloves | Crimson Kimono
60%
FinishSpecialist Gloves | Field Agent
60%
FinishSpecialist Gloves | Forest DDPAT
60%
GloveSports Gloves
60%
FinishSports Gloves | Pandora's Box
60%
FinishSports Gloves | Vice
60%
GloveBloodhound Gloves
40%
FinishBloodhound Gloves | Snakebite
40%
FinishBroken Fang Gloves | Unhinged
40%
FinishDriver Gloves | Crimson Weave
40%
FinishDriver Gloves | King Snake
40%
FinishDriver Gloves | Lunar Weave
40%
FinishDriver Gloves | Queen Jaguar
40%
FinishHand Wraps | CAUTION!
40%
FinishHand Wraps | Cobalt Skulls
40%
FinishHand Wraps | Duct Tape
40%
FinishHand Wraps | Leather
40%
FinishHand Wraps | Slaughter
40%
FinishHydra Gloves | Emerald
40%
FinishMoto Gloves | Blood Pressure
40%
FinishMoto Gloves | Eclipse
40%
FinishMoto Gloves | Polygon
40%
FinishSpecialist Gloves | Emerald Web
40%
FinishSpecialist Gloves | Fade
40%
FinishSpecialist Gloves | Marble Fade
40%
FinishSpecialist Gloves | Tiger Strike
40%
FinishSports Gloves | Hedge Maze
40%
FinishSports Gloves | Slingshot
40%
FinishBloodhound Gloves | Bronzed
20%
FinishBloodhound Gloves | Charred
20%
FinishBloodhound Gloves | Guerilla
20%
FinishBroken Fang Gloves | Jade
20%
FinishBroken Fang Gloves | Needle Point
20%
FinishBroken Fang Gloves | Yellow-banded
20%
FinishDriver Gloves | Black Tie
20%
FinishDriver Gloves | Convoy
20%
FinishDriver Gloves | Diamondback
20%
FinishDriver Gloves | Imperial Plaid
20%
FinishDriver Gloves | Racing Green
20%
FinishDriver Gloves | Rezan the Red
20%
FinishHand Wraps | Arboreal
20%
FinishHand Wraps | Badlands
20%
FinishHand Wraps | Giraffe
20%
FinishHand Wraps | Overprint
20%
FinishHand Wraps | Spruce DDPAT
20%
FinishMoto Gloves | 3rd Commando Company
20%
FinishMoto Gloves | Boom!
20%
FinishMoto Gloves | Cool Mint
20%
FinishMoto Gloves | POW!
20%
FinishMoto Gloves | Smoke Out
20%
FinishMoto Gloves | Transport
20%
FinishSpecialist Gloves | Buckshot
20%
FinishSpecialist Gloves | Mogul
20%
FinishSports Gloves | Arid
20%
FinishSports Gloves | Big Game
20%
FinishSports Gloves | Nocts
20%
FinishSports Gloves | Omega
20%
FinishSports Gloves | Superconductor
20%
FinishDriver Gloves | Overtake
0%
FinishHand Wraps | Constrictor
0%
FinishHand Wraps | Desert Shamagh
0%
FinishHydra Gloves | Mangrove
0%
FinishHydra Gloves | Rattler
0%
FinishMoto Gloves | Finish line
0%
FinishSpecialist Gloves | Foundation
0%
FinishSpecialist Gloves | Lt. Commander
0%
FinishSports Gloves | Amphibious
0%
FinishSports Gloves | Bronze Morph
0%
FinishSports Gloves | Scarlet Shamagh
0%

Score Distribution

Percentile by Number Answered

Percent of People with Each Score

Your Score History

You have not taken this quiz